000 00648nam a22002297a 4500
003 UA-OsUOA
001 125668
007 ta
008 20170922b un ||||| |||| 00| 0 ukr d
100 _aПорудоминский В. И.
090 _a821.161.1
_bП60
942 _cBK
040 _aUA-OsUOA
_brus
_cUA-OsUOA
_dUA-OsUOA
245 _aГрустный солдат, или Жизнь Всеволода Гаршина
300 _a287 с.
955 _a3
041 _arus
080 _a821.161.1
260 _aМ.
_bКнига
_c1986
650 7 _a82 Література. Літературознавство
_2UDC
999 _c412930
_d412930